| 000 | 00716nam a2200217Ii 4500 | ||
|---|---|---|---|
| 003 | JO-AjNU | ||
| 008 | 230605s9999||||xx |||||||||||||| ||und|| | ||
| 017 | _a1993/8625 | ||
| 040 |
_aJO-AjNU _bara _erda _cJO-AjNU |
||
| 041 | _aara | ||
| 050 | 1 | 4 | _aJA83.D3312.1993 |
| 100 | 3 |
_aأ.دال ،روبرت ،ابو زيد ،علا ، ترجمة ،هلال ،على الدين ، مراجعة, _eauthor _920920 |
|
| 245 | 0 | 0 | _aالتحليل السياسي الحديث |
| 250 | _aط1 | ||
| 264 | 3 | 1 | _aالقاهرة :مركز الأهرام ،1993 |
| 300 | _a204ص | ||
| 336 |
_atext _btxt _2rdacontent |
||
| 337 |
_aunmediated _bn _2rdamedia |
||
| 338 |
_avolume _bnc _2rdacarrier |
||
| 650 | 4 |
_aالسياسة _920921 |
|
| 999 |
_aA7181 _c10749 _d10749 |
||